000 00819cam a2200253 a 4500
001 000014966
005 20200929163931.0
008 740228s1975 sp a 000 0bspa
020 _a8423953238
035 _a(DLC) 74155982
040 _aDO-SdBNP
_bspa
_cBNPHU
_dDLC
050 0 0 _aML410.V4
_bB82
082 _a782.1/092/4
_bV484B
100 1 _aBril, France Yvonne,
_d1980 -
_933879
245 1 0 _aVerdi, /
_cFrance-Yvonne Bril ; traducción del francés Felipe Ximénez De Sandoval.
260 _aMadrid :
_bEspasa-Calpe,
_c1975.
300 _a125 p. :
_bil. ;
_c18 cm.
490 0 _aClásicos de la música
600 1 0 _aVerdi, Giuseppe,
_d1813-1901.
_9966
700 1 _aXiménez De Sandoval, Felipe,
_etr.
_919335
830 0 _aClásicos de la música
_933880
910 _aCatalogación derivada
049 _aBNGR
999 _c14541
_d14541